Estudio sobre los factores funcionales físicos-biológicos en la industria nicaragüense
Este trabajo está basado en la recopilación, análisis y propuesta de métodos, para calcular y evaluar la temperatura, iluminación, acústica y ventilación en las zonas de trabajo de los obreros en la industria, ya que son los factores físicos más influyentes para obtener un ambiente conforta...
| Main Author: | |
|---|---|
| Other Authors: | |
| Format: | Tesis Section = Libro |
| Language: | Undetermined Spanish |
| Published: |
Managua
Universidad Nacional Autónoma de Nicaragua (UNAN)
1985
|
| Subjects: |
| LEADER | 01251nam a2200217Ia 4500 | ||
|---|---|---|---|
| 008 | 240830s9999 xx 000 0 und d | ||
| 040 | |a BIBLIOTECA-RUSB/ Mon 711.42 D674 | ||
| 041 | |a spa | ||
| 082 | |a Mon 711.42 D674 | ||
| 100 | 1 | |a Doña Morales, Nelson Francisco | |
| 245 | 1 | 0 | |a Estudio sobre los factores funcionales físicos-biológicos en la industria nicaragüense |
| 260 | |a Managua |b Universidad Nacional Autónoma de Nicaragua (UNAN) |c 1985 | ||
| 300 | |a 71 p. :il. | ||
| 502 | |a Tesis (Arquitecto) - Universidad Nacional Autónoma de Nicaragua (UNAN), 1985. | ||
| 520 | 3 | |a Este trabajo está basado en la recopilación, análisis y propuesta de métodos, para calcular y evaluar la temperatura, iluminación, acústica y ventilación en las zonas de trabajo de los obreros en la industria, ya que son los factores físicos más influyentes para obtener un ambiente confortable o desagradable. Se ofrece además una serie de conclusiones y recomendaciones que enriquecerían aún más la aplicación de estos métodos en nuestro país. | |
| 650 | 7 | |a PLANES BASADOS EN LA TOPOGRAFIA Y EL CLIMA | |
| 650 | 7 | |b ENERGIA SOLAR | |
| 700 | 1 | |a Tutor: |b Echavarría Espinoza, Rodolfo | |
| 942 | |c BK |2 ddc | ||
| 991 | |a TESIS | ||
| 999 | |c 20976 | ||